Welcome to WEB OPAC of MRSPTU Central Library

Surveying V-III (Record no. 5887)

MARC details
000 -LEADER
fixed length control field 00412nam a2200169Ia 4500
008 - FIXED-LENGTH DATA ELEMENTS--GENERAL INFORMATION
fixed length control field 230711s9999||||xx |||||||||||||| ||und||
020 ## - INTERNATIONAL STANDARD BOOK NUMBER
International Standard Book Number 978-81-89401-27-6
041 ## - LANGUAGE CODE
Language code of text/sound track or separate title ENG
082 ## - DEWEY DECIMAL CLASSIFICATION NUMBER
Classification number 526.9
Item number AR-S
100 ## - MAIN ENTRY--PERSONAL NAME
Personal name Arora,K R
245 #0 - TITLE STATEMENT
Title Surveying V-III
250 ## - EDITION STATEMENT
Edition statement 12th Ed.
260 ## - PUBLICATION, DISTRIBUTION, ETC.
Date of publication, distribution, etc. 2015
Place of publication, distribution, etc. New Delhi
Name of publisher, distributor, etc. Standard Publishing Distributors
300 ## - PHYSICAL DESCRIPTION
Extent 482p.
650 ## - SUBJECT ADDED ENTRY--TOPICAL TERM
Topical term or geographic name entry element Civil Engineering
942 ## - ADDED ENTRY ELEMENTS (KOHA)
Koha item type Book
Holdings
Withdrawn status Lost status Damaged status Not for loan Collection Home library Current library Date acquired Cost, normal purchase price Inventory number Total checkouts Full call number Barcode Date last seen Price effective from Koha item type Date last checked out
          MRSPTU Central Library MRSPTU Central Library   350.00 2042502   526.9 AR-S 31637 08/17/2023 08/17/2023 Book  
          MRSPTU Central Library MRSPTU Central Library   350.00 2042502   526.9 AR-S 31638 08/17/2023 08/17/2023 Book  
          MRSPTU Central Library MRSPTU Central Library   350.00 2042502 3 526.9 AR-S 31639 09/16/2025 08/17/2023 Book 08/28/2025
          MRSPTU Central Library MRSPTU Central Library   350.00 2042502   526.9 AR-S 31640 08/17/2023 08/17/2023 Book  
          MRSPTU Central Library MRSPTU Central Library   350.00 2042502   526.9 AR-S 31641 08/17/2023 08/17/2023 Book  
          MRSPTU Central Library MRSPTU Central Library   350.00 2042502   526.9 AR-S 31642 08/17/2023 08/17/2023 Book  
          MRSPTU Central Library MRSPTU Central Library   350.00 2042502   526.9 AR-S 31643 08/17/2023 08/17/2023 Book  
          MRSPTU Central Library MRSPTU Central Library   350.00 2042502   526.9 AR-S 31644 08/17/2023 08/17/2023 Book  
          MRSPTU Central Library MRSPTU Central Library   350.00 2042502   526.9 AR-S 31645 08/17/2023 08/17/2023 Book  
          MRSPTU Central Library MRSPTU Central Library   350.00 2042502   526.9 AR-S 31646 08/17/2023 08/17/2023 Book  

Website Designed and Developed by MRSPTU Central Library Team

E-mail Id: librarian@mrsptu.ac.in